000 00388nam a2200133Ia 4500
008 211119s9999||||xx |||||||||||||| ||und||
082 _a100
_bSAJ-N
100 _aSajeevkumar, S
245 0 _aNithyajeevithathile Manasika Prasnangal
260 _bMathrubhumi Books
_a2011
_cKottayam
300 _a190p.
650 _aPhilosophy & PsychologyEconomics
_xPGR-GANDHIAN STUDIES
942 _cBOOK
999 _c112246
_d112246